ՀՀ Գիտությունների ազգային ակադեմիայի հիմնարար գիտական գրադարան  =   Fundamental Scientific Library of NAS RA

Bancoop & the Bones of the Mammoth / (Record no. 527148)

MARC details
000 -LEADER
fixed length control field 00706nam a2200217 a 4500
001 - CONTROL NUMBER
control field 000432700
003 - CONTROL NUMBER IDENTIFIER
control field AM-YEHGA
005 - DATE AND TIME OF LATEST TRANSACTION
control field 20250618080113.0
008 - FIXED-LENGTH DATA ELEMENTS--GENERAL INFORMATION
fixed length control field 060216s1982 nyu|||||r|||||||||1|eng|d
020 ## - INTERNATIONAL STANDARD BOOK NUMBER
International Standard Book Number 093510206X
040 ## - CATALOGING SOURCE
Original cataloging agency AM-YeHGA
041 1# - LANGUAGE CODE
Language code of text/sound track or separate title eng
Language code of original arm
090 ## - LOCALLY ASSIGNED LC-TYPE CALL NUMBER (OCLC); LOCAL CALL NUMBER (RLIN)
-- 565125
100 1# - MAIN ENTRY--PERSONAL NAME
Personal name Զարյան,Կոստան Քրիստափորի,
Dates associated with a name 1885-1969
9 (RLIN) 8912
245 10 - TITLE STATEMENT
Title Bancoop & the Bones of the Mammoth /
Statement of responsibility, etc. Gostan Zarian ; Selected & translated by Ara Baliozian.
260 ## - PUBLICATION, DISTRIBUTION, ETC.
Place of publication, distribution, etc. New York, N.Y. :
Name of publisher, distributor, etc. Ashod Press,
Date of publication, distribution, etc. 1982.
300 ## - PHYSICAL DESCRIPTION
Extent xxii, 115 p.
650 14 - SUBJECT ADDED ENTRY--TOPICAL TERM
Topical term or geographic name entry element Հայ գրականություն
700 1# - ADDED ENTRY--PERSONAL NAME
Personal name Բալիոզյան, Արա,
Dates associated with a name 1936-2019
Relationship trl
Relator term թարգմ․
942 ## - ADDED ENTRY ELEMENTS (KOHA)
Source of classification or shelving scheme Universal Decimal Classification
Koha item type Գրքեր / Books
Holdings
Withdrawn status Lost status Damaged status Not for loan Collection Home library Current library Date acquired Total checkouts Full call number Barcode Date last seen Price effective from Koha item type Public note
        General Fundamental Scientific Library Fundamental Scientific Library 09/03/2023   И II/117513 FL0677160 09/03/2023 09/03/2023 Գրքեր / Books 30 Days Loan


ՀՀ ԳԱԱ հիմնարար գիտական գրադարան
ՀՀ,Երևան 0019
Մարշալ Բաղրամյան 24/6
հեռախոս:(374-10) 52-47-50
Հետադարձ կապ

All site content, except where otherwise noted, is licensed under a
Creative Commons License